| Tag |
First Indicator |
Second Indicator |
Subfields |
| LEADER |
00000cam a2200000Mi 4500 |
| 001 |
in00003571421 |
| 006 |
m o d |
| 007 |
cr mnu---uuaaa |
| 008 |
121205s1999 gw o 000 0 eng |
| 005 |
20260421170226.2 |
| 020 |
|
|
|a 9783662039854 (electronic bk.)
|
| 020 |
|
|
|a 3662039850 (electronic bk.)
|
| 020 |
|
|
|z 9783662039878
|
| 020 |
|
|
|z 3662039877
|
| 020 |
|
|
|z 3662039850
|
| 035 |
|
|
|a (OCoLC)851388146
|
| 040 |
|
|
|a AU@
|b eng
|e pn
|c AU@
|d GW5XE
|d OCLCQ
|d OCLCF
|d UtOrBLW
|
| 049 |
|
|
|a TXAM
|
| 050 |
|
4 |
|a TN260
|
| 072 |
|
7 |
|a PNV
|2 bicssc
|
| 072 |
|
7 |
|a SCI048000
|2 bisacsh
|
| 082 |
0 |
4 |
|a 553
|2 23
|
| 100 |
1 |
|
|a Lucia, F. Jerry.
|
| 245 |
1 |
0 |
|a Carbonate Reservoir Characterization /
|c by F. Jerry Lucia.
|
| 264 |
|
1 |
|a Berlin, Heidelberg :
|b Springer Berlin Heidelberg,
|c 1999.
|
| 300 |
|
|
|a 1 online resource (xii, 227 pages)
|
| 336 |
|
|
|a text
|b txt
|2 rdacontent
|
| 337 |
|
|
|a computer
|b c
|2 rdamedia
|
| 338 |
|
|
|a online resource
|b cr
|2 rdacarrier
|
| 520 |
|
|
|a The principal focus of the book, Carbonate Reservoir Characterization, is on the use of relationships between numerical petrophysical data and descriptive geological processes in the construction of 3D geological and petrophysical models suitable for input into fluid simulators. The author summarizes his extensive experience in the field of carbonate reservoir geology and integrates engineering and geological data in this book. An overall view of the reservoir characterization process in a form suitable for instructing students and professional geologists and engineers in methods, techniques, and concepts used to construct a static reservoir model is presented. The book begins with a review of fundamental petrophysical properties and their relationship to rock fabrics, moves first to methods of gathering one-dimensional data from wireline logs and then to depositional and diagenetic models for modeling the petrophysical properties in three-dimensional space, and ends with methods for filling geologic models with petrophysical data in a manner suitable for input into fluid flow simulators.
|
| 500 |
|
|
|a Electronic resource.
|
| 650 |
|
0 |
|a Geography.
|
| 650 |
|
0 |
|a Geology.
|
| 650 |
|
0 |
|a Mines and mineral resources.
|
| 650 |
|
0 |
|a Sedimentology.
|
| 650 |
|
7 |
|a Geography.
|2 fast
|0 (OCoLC)fst00940469
|
| 650 |
|
7 |
|a Geology.
|2 fast
|0 (OCoLC)fst00940627
|
| 650 |
|
7 |
|a Mines and mineral resources.
|2 fast
|0 (OCoLC)fst01022541
|
| 650 |
|
7 |
|a Sedimentology.
|2 fast
|0 (OCoLC)fst01111003
|
| 655 |
|
7 |
|a Electronic books.
|2 local
|
| 710 |
2 |
|
|a SpringerLink (Online service)
|
| 776 |
1 |
8 |
|i Print version:
|z 9783662039878
|
| 856 |
4 |
0 |
|u http://proxy.library.tamu.edu/login?url=https://link.springer.com/10.1007/978-3-662-03985-4
|z Connect to the full text of this electronic book
|t 0
|
| 994 |
|
|
|a 92
|b TXA
|
| 999 |
|
|
|a MARS
|
| 999 |
f |
f |
|s 76db5fdc-2106-3baa-9537-674732778ace
|i 68e59b52-c737-38bb-9610-ed11a42eaad1
|t 0
|
| 952 |
f |
f |
|a Texas A&M University
|b College Station
|c Electronic Resources
|s www_evans
|d Available Online
|t 0
|e TN260
|h Library of Congress classification
|
| 998 |
f |
f |
|a TN260
|t 0
|l Available Online
|